01669nam a2200373Ia 4500001001200000003000800012006001900020007001500039008004100054010001700095020001800112020002800130040002100158035002100179050002600200082002700226100002700253245014100280260005500421300003500476490003400511504006600545533015200611600004000763650007200803650008100875650005800956651003901014655002901053710001701082830005301099856012601152999001701278ebr10408242CaPaEBRm u cr cn|||||||||990114s1999 alua sb s001 0beng d z 99006033  z9780817309688 z0817309683 (alk. paper) aCaPaEBRcCaPaEBR a(OCoLC)63102456514aF334.B69bN448 1999eb04a305.8/9607307617812211 aManis, Andrew Michael.12aA fire you can't put outh[electronic resource] :bthe civil rights life of Birmingham's Reverend Fred Shuttlesworth /cAndrew M. Manis. aTuscaloosa :bUniversity of Alabama Press,cc1999. axxxii, 541 p., [12] p. :bill.1 aReligion and American culture aIncludes bibliographical references (p. [507]-523) and index. aElectronic reproduction.bPalo Alto, Calif. :cebrary,d2013.nAvailable via World Wide Web.nAccess may be limited to ebrary affiliated libraries.10aShuttlesworth, Fred L.,d1922-2011. 0aCivil rights movementszAlabamazBirminghamxHistoryy20th century. 0aAfrican AmericansxCivil rightszAlabamazBirminghamxHistoryy20th century. 0aCivil rights workerszAlabamazBirminghamvBiography. 0aBirmingham (Ala.)xRace relations. 7aElectronic books.2local2 aebrary, Inc. 0aReligion and American culture (Tuscaloosa, Ala.)40uhttp://site.ebrary.com/lib/rucke/Doc?id=10408242zAn electronic book accessible through the World Wide Web; click to view c79772d79772